000 nam a22 7a 4500
999 _c128430
_d128430
008 181023b xxu||||| |||| 00| 0 eng d
050 _aBX3756.F46
_bE18
100 _aEchaniz, Ignatius
_943077
245 _aGarate the gentle
_cIgnatius Echaniz
260 _aIndia
_bGujarat sahitya prakash anand
_c1986
300 _aix, 99p. ;
_c18cm.
440 _aBiographies
_n4
_943078
600 _aFrancisco Garate, st.
_943079
942 _2lcc
_cMONOGRAPH